| 000 | 01023nam a2200217 i 4500 | ||
|---|---|---|---|
| 001 | 172237 | ||
| 003 | ES-MaACL | ||
| 005 | 20240124143235.0 | ||
| 008 | 090619s1928 sp f |||| | spa d | ||
| 080 | _a821.134.2 | ||
| 080 | _a811.134.2 | ||
| 110 | 2 |
_aReal Academia Española _96336 |
|
| 245 | 1 | 0 |
_aDiscursos leídos ante la Real Academia Española, _f1928 / _cReal Academia Española. |
| 260 |
_aMadrid : _b[s.n.], _c1928 ( _fTip. de la Revista de Archivos, Bibliotecas, Archivos y Museos) |
||
| 300 |
_a1 v. ; _c25 cm. |
||
| 505 | 8 | _aContiene: Discurso acerca de las obras publicadas por la Real Academia Española / Emilio Cotarelo y Mori (91 p., [128] p. de lám. con fotograbados)... con ocasión de celebrar la "Fiesta del Libro" e inaugurar una exposición de las referidas obras | |
| 610 | 2 | 4 |
_aReal Academia Española- _xPublicaciones- _vCatálogos. _9163475 |
| 700 | 1 |
_aCotarelo y Mori, Emilio, _d1857-1936 _941168 |
|
| 852 |
_aES-MaACL _jK-156 _xOlim:: F-M-III-H |
||
| 999 |
_c172237 _d172237 |
||